NARUTO- Personnages présents sur les couvertures de tome - Statistiques

Statistiques générales
  • Ce quiz a été pris 426 fois
  • Le résultat moyen est 46 sur 79
Statistiques - réponses
Hint Réponse % Correct
y sex Naruto Uzumaki
100%
Sasuke Uchiwa
100%
Sakura Haruno
99%
Kakashi Hatake
98%
Itachi Uchiwa
90%
Jiraya
90%
Orochimaru
90%
Tsunade
88%
Hinata Hyuga
86%
Shikamaru Nara
86%
Madara Uchiwa
85%
Obito Uchiwa
85%
Ino Yamanaka
84%
A
83%
Gaara
83%
Minato Namikaze
82%
Rock Lee
82%
Neji Hyuga
79%
Pain
78%
Hiruzen Sarutobi
77%
Choji Akimichi
76%
Gai Maito
76%
Killer B
75%
Tobirama Senju
75%
Hashirama Senju
73%
Kurama
73%
Deidara
72%
Sasori
72%
Kiba Inuzuka
71%
Zabuza Momochi
71%
Kimimaro Kaguya
69%
Asuma Sarutobi
68%
Sai
68%
Kisame
67%
Hidan
66%
Konan
66%
Haku
65%
Kaguya Otsutsuki
65%
Nagato
65%
Kabuto Yakushi
64%
Kakuzu
64%
Kushina Uzumaki
63%
Shino Aburame
63%
Zetsu
58%
Danzo Shimura
53%
Karin
52%
Iruka Umino
51%
Shukaku
50%
Mei Terumi
48%
Jugo
47%
Suigetsu Hozuki
47%
Son Goku
45%
Gamabunta
44%
Gyuki
44%
Rin
44%
Hagoromo Otsutsuki
42%
Matatabi
41%
Chiyo
40%
Indra Otsutsuki
38%
Onoki
38%
Isobu
36%
Asura Otsutsuki
33%
Darui
32%
Chomei
31%
Gamakichi
31%
Jirobo
31%
Tayuya
31%
Jubi
30%
Saiken
30%
Kokuo
28%
Sakon
26%
Kidomaru
24%
Katsuyu
22%
Ginkaku
21%
Gamatatsu
20%
Kinkaku
20%
Dai
18%
Aoda
15%
Sabu
5%
Aucun quiz correspondant
Distribution des résultats
% des personnes avec chaque résultat
Percentile par nombre de réponses
Votre historique - résultats
Vous n’avez pas pris ce quiz